"Chełmińskie" warownie Zakonu na pograniczu krzyżacko-pruskim i krzyżacko-polskim
| Titel: | "Chełmińskie" warownie Zakonu na pograniczu krzyżacko-pruskim i krzyżacko-polskim |
|---|---|
| Verfasser: | |
| In: |
Pogranicze polsko-pruskie i krzyżackie ; 2, (2007), Seite 155-177 alle Artikel anzeigen |
| Veröffentlicht: | 2007 |
| Format: | Aufsatz |
| Sprache: | Polnisch |
X
alg: 39428974
001A $01999:12-11-16
001B $01999:01-06-17 $t17:40:32.000
001D $01999:12-11-16
001U $0utf8
001X $00
002@ $0Aox
003@ $0394289749
007A $0394289749 $aHEB
007T $0Herdkk00038675
010@ $apol
011@ $a2007
021A $a"Chełmińskie" warownie Zakonu na pograniczu krzyżacko-pruskim i krzyżacko-polskim
028A $aPoliński $dDariusz
031A $h155-177 $j2007
039B $aIn $8--Afu--. Pogranicze polsko-pruskie i krzyżackie ; 2. - Włocławek {[u.a.] : Lega, 2007. - 453 S.. - Ill., Kt.. - ISBN 978-83-60150-30-6 $x200700000000000845 $9190809388
lok: 39428974 78
exp: 39428974 78 1 #EPN
201B/01 $018-11-16 $t11:10:29.000
201U/01 $0utf8
203@/01 $079040026X
208@/01 $a12-11-16 $be
209A/01 $a/ $f000 $x00
220C/01 $aHerkunft: PBB/IH PAN
244Z/01 $2Trx $#Prusy Wschodnie i Zachodnie $8--Trx--Ost- und Westpreußen $x01 $939113373X
244Z/01 $2Trx $#Poola $#Lenkija $#Polija $#Polen Land $#Poland $#Lengyelország $#Poľsko $#Polsko $8--Trx--Polska$gkraj $x02 $9391345966
244Z/01 $2Trx $8--Trx--Einzelbeiträge $x03 $9391384570
247C/01 $82080>Marburg/Lahn, Herder-Institut, Forschungsbibliothek, Bibliographieportal $9336309341
| LEADER | 00000caa a22000002c 4500 | ||
|---|---|---|---|
| 001 | 394289749 | ||
| 003 | DE-603 | ||
| 005 | 20170601174032.0 | ||
| 007 | tu | ||
| 008 | 161112s2007 xx |||| | u00||u|pol c | ||
| 035 | |a (DE-599)HEB394289749 | ||
| 040 | |a DE-603 |b ger |c DE-603 |d DE-603 | ||
| 041 | |a pol | ||
| 100 | 1 | |a Poliński, Dariusz | |
| 245 | 0 | 0 | |a "Chełmińskie" warownie Zakonu na pograniczu krzyżacko-pruskim i krzyżacko-polskim |
| 264 | 0 | |c 2007 | |
| 773 | 0 | 8 | |i In |t Pogranicze polsko-pruskie i krzyżackie ; 2 |d Włocławek [u.a.] : Lega, 2007 |h 453 S., Ill., Kt. |z 9788360150306 |g (2007), Seite 155-177 |w (DE-603)190809388 |
| 924 | 0 | |9 2080 |a (DE-603)79040026X |b DE-2080 |c HES |d d |g / | |


